Biggest City in Every Country by Letter - A - Statistics

General Stats
  • This quiz has been taken 36 times
  • The average score is 32 of 82
Answer Stats
Country Population Answer % Correct
Algeria 3,056,970 Algiers
100%
Belgium 1,068,660 Antwerp
100%
Greece 3,156,620 Athens
100%
Australia 1,407,600 Adelaide
97%
Egypt 5,921,200 Alexandria
97%
Jordan 2,295,250 Amman
97%
Netherlands 1,196,130 Amsterdam
97%
Turkey 5,618,890 Ankara
97%
Paraguay 3,685,660 Asunción
97%
United Arab Emirates 1,643,560 Abu Dhabi
94%
Nigeria 4,392,360 Abuja
94%
Ghana 2,861,000 Accra
94%
New Zealand 1,728,480 Auckland
94%
Ethiopia 6,219,080 Addis Ababa
91%
Ivory Coast 6,256,340 Abidjan
89%
Kazakhstan 2,068,030 Almaty
89%
Madagascar 4,413,150 Antananarivo
89%
Denmark 237,551 Aarhus
86%
India 9,272,670 Ahmedabad
86%
Syria 2,560,190 Aleppo
86%
United Kingdom 212,300 Aberdeen
83%
United States 1,007,435 Austin
80%
Turkmenistan 960,880 Ashgabat
74%
Eritrea 1,193,890 Asmara
74%
Yemen 1,194,160 Aden
71%
Spain 382,014 Alicante
69%
France 486,710 Avignon
57%
Morocco 1,035,770 Agadir
54%
Italy 100,282 Ancona
46%
Peru 996,218 Arequipa
46%
Germany 286,374 Augsburg
46%
Mexico 1,213,800 Aguascalientes
43%
Tanzania 599,979 Arusha
37%
Iran 1,339,790 Ahvaz
34%
Chile 470,648 Antofagasta
34%
Romania 159,074 Arad
34%
China 1,778,260 Anyang
31%
Russia 534,947 Astrakhan
31%
Canada 181,726 Abbotsford
29%
Norway 58,509 Alesund
23%
Portugal 178,858 Amadora
23%
Brazil 1,092,540 Aracaju
23%
Colombia 431,947 Armenia
23%
Pakistan 120,000 Abbottabad
20%
Niger 124,324 Agadez
17%
Costa Rica 444,371 Alajuela
17%
Lithuania 70,747 Alytus
17%
Uzbekistan 318,419 Andijan
17%
Philippines 1,011,440 Antipolo
17%
Israel 225,939 Ashdod
17%
Japan 442,173 Amagasaki
14%
Chad 74,188 Abeche
11%
Ukraine 116,000 Alchevs'k
11%
Ecuador 165,185 Ambato
11%
Indonesia 618,585 Ambon
11%
Bulgaria 50,846 Asenovgrad
11%
Benin 385,755 Abomey-Calavi
9%
Venezuela 143,704 Acarigua
9%
Tunisia 97,687 Ariana
9%
Argentina 112,980 Avellaneda
9%
Malaysia 217,368 Alor Setar
6%
Qatar 272,465 Ar Rayyan
6%
Uganda 55,585 Arua
6%
Dominican Republic 59,139 Azua
6%
Somalia 65,461 Afgooye
3%
Libya 134,358 Ajdabiya
3%
Kuwait 637,411 Al Ahmadi
3%
South Africa 121,536 Alberton
3%
Saudi Arabia 425,300 Al Kharj
3%
Iraq 2,065,597 Al Mawsil al Jadidah
3%
Sudan 363,945 Al Qadarif
3%
Guatemala 71,836 Amatitlán
3%
North Korea 50,196 Anju
3%
South Korea 650,728 Ansan-si
3%
Sri Lanka 60,943 Anuradhapura
3%
El Salvador 112,158 Apopa
3%
Panama 76,815 Arraijan
3%
Cuba 210,053 Arroyo Naranjo
3%
Togo 80,683 Atakpame
3%
Bangladesh 96,641 Azimpur
3%
Oman 107,143 Al Suwaiq
0%
Mozambique 74,624 Angoche
0%
No matching quizzes found
Score Distribution
Percent of People with Each Score
Percentile by Number Answered
Your Score History
You have not taken this quiz